Die 10 größten Städte - Schweiz - Statistiken

Allgemein
  • Dieses Quiz wurde 250 mal gespielt
  • Das Durchschnittsergebnis liegt bei 7 aus 10
Antwortstatistiken
Einwohner Stadt % Korrekt
423.044 Zürich
100%
134.243 Bern
98%
172.942 Basel
93%
203.315 Genf
92%
82.897 Luzern
78%
140.577 Lausanne
70%
76.306 St. Gallen
67%
115.109 Winterthur
59%
62.123 Lugano
52%
55.121 Biel
41%
Keine übereinstimmenden Quizze gefunden
Verteilung der Resultate
Anzahl Personen mit jedem Resultat
Perzentil nach korrekt beantworteten Fragen
Ihre Resultats-Entwicklung
Sie haben dieses Quiz noch nicht gespielt